| 000 | 004260000a22001690004500 | ||
|---|---|---|---|
| 041 | 0 | _aENG | |
| 082 | 0 | 4 | _aG 268.4 B9671c |
| 100 | 1 | _aBurns, Jim | |
| 245 | 1 | 0 | _aThe youth worker's book of case studies / Jim Burns |
| 260 | _aVentura, CA., USA : Gospel | ||
| 300 | _a60 Pag | ||
| 001 | 8053 | ||
| 942 | _cBK | ||
| 999 |
_c38250 _d38250 |
||
| 336 |
_atexto _btxt _2rdacontent |
||
| 337 |
_2rdamedia _asin mediación _bn |
||
| 338 |
_2rdacarrier _avolumen _bnc |
||